Responsabilidad de proteger: deber-poder de la comunidad internacional y límitación de la soberanía
Saved in:
| Main Author: | |
|---|---|
| Format: | Book |
| Language: | Spanish |
| Published: |
Santiago
Academia Nacional de Estudios Políticos y Estratégicos
2016
|
| Edition: | 1a. ed |
| Series: | Colección de Investigaciones ANEPE, 38
|
| Subjects: | |
| Tags: |
Add Tag
No Tags, Be the first to tag this record!
|
MARC
| LEADER | 00000cam a2200000 a 4500 | ||
|---|---|---|---|
| 001 | UCC2986 | ||
| 003 | CL-VaPUC | ||
| 008 | 180329e20160800cl |||||||||||||||||spa|d | ||
| 020 | |a 9789568478001 | ||
| 082 | 0 | 4 | |a 341.481 |b MAR |2 21 |
| 100 | |a Marinello Federici, José Héctor |e autor |9 778759 | ||
| 245 | 1 | 0 | |a Responsabilidad de proteger: deber-poder de la comunidad internacional y límitación de la soberanía |
| 250 | |a 1a. ed | ||
| 300 | |a 135 p | ||
| 942 | |c BK | ||
| 945 | |d 20180329 11:34:00 |a arojas | ||
| 260 | |a Santiago |b Academia Nacional de Estudios Políticos y Estratégicos |c 2016 | ||
| 650 | 0 | |a Derechos humanos |9 223025 | |
| 650 | 7 | |a PROTECCION |2 CL-VaPUC |9 596996 | |
| 650 | 0 | |a Derechos civiles |9 255655 | |
| 650 | 0 | |a Derecho internacional |9 255637 | |
| 583 | |a last modification |c 20180329 11:34:00 |k Rodrigo Vera | ||
| 490 | 0 | |a Colección de Investigaciones ANEPE, 38 | |
| 999 | |c 370861 |d 370859 | ||
| 952 | |0 0 |1 0 |3 erb |4 0 |6 341_481000000000000_MAR_2016 |7 0 |8 A |9 487549 |a BIBHIS |b BIBHIS |i 5460492 |o 341.481 MAR 2016 |p 5460492 |r 2025-01-20 |w 2019-11-24 |y BK |z Catalogado en:20180329 |k HIS | ||